000 00844nam a22002657a 4500
001 9193
003 FISKH
005 20251128095649.0
008 251128b cb ||||| |||| 00| 0 eng d
020 _a019987054005
040 _aFISKH
_beng
_cFISKH
_dFISKH
050 _aPZ8.A542 U
082 _a398.2
100 _aAndersen, Hans Christian
245 _aThe ugly duckling /
_cillustrated by Petula Stone
260 _aLoughborough :
_bLadybird Books,
_c1993.
300 _a28 unnumbered pages :
_bcolor illustrations ;
_c28 cm
505 _aG
520 _aAn ugly duckling spends an unhappy year ostracized by the other animals before he grows into a beautiful swan.
521 8 _a310
_bLexile
521 8 _aG
_bRaz-Plus
650 _aAnimals
_vChildren's fiction
_xFairy tale
942 _2ddc
_cBK
_n0
999 _c9193
_d9193